Statistics for FIFA 21 Best Players By Ligue 1 Club

Click here to take the quiz!

General Stats

  • This quiz has been taken 78 times
  • The average score is 18 of 60

Answer Stats

TeamPositionPlayer% Correct
Paris Saint-Germain90Kylian Mbappé
97%
Paris Saint-Germain91Neymar
94%
Paris Saint-Germain87Keylor Navas
89%
Monaco84Wissam Ben Yedder
75%
Lyon85Memphis Depay
74%
Lyon83Anthony Lopes
65%
Marseille82Dimitri Payet
62%
Marseille83Steve Mandanda
58%
Lille82Mike Maignan
57%
Lyon81Houssem Aouar
52%
Marseille82Florian Thauvin
51%
Saint-Etienne81Stéphane Ruffier
46%
Monaco81Kevin Volland
45%
Montpellier79Andy Delort
42%
Lille79Jonathan Ikoné
37%
Montpellier78Téji Savanier
35%
Nice81Walter Benítez
35%
Lille80Benjamin André
34%
Bordeaux79Benoit Costil
34%
Rennes79Hamari Traoré
34%
Nice79Kasper Dolberg
34%
Lens76Seko Fofana
34%
Monaco80Benjamin Lecomte
32%
Nantes78Alban Lafont
31%
Strasbourg79Kenny Lala
28%
Angers78Paul Bernardoni
28%
Nantes78Nicolas Pallois
26%
Reims79Pedrag Rajkovic
26%
Montpellier78Florent Mollet
25%
Brest77Gautier Larsonneur
23%
Angers76Romain Thomas
23%
Lens75Gaël Kakuta
22%
Bordeaux79Laurent Koscielny
22%
Strasbourg79Matz Sels
22%
Saint-Etienne77Denis Bouanga
20%
Nantes77Moses Simon
20%
Dijon74Bruno Ecuele Manga
18%
Nice79Youcef Atal
18%
Reims77Yunis Abdelhamid
18%
Metz76Alexandre Oukidja
17%
Lorient73Paul Nardi
15%
Rennes79Steven Nzonzi
14%
Lorient73Vincent Le Goff
12%
Nîmes76Zinedine Ferhat
12%
Strasbourg77Alexander Djiku
11%
Brest75Christophe Hérelle
11%
Rennes80Daniele Rugani
11%
Lens75Wuilker Faríñez
11%
Nîmes75Baptiste Reynet
9%
Dijon75Mama Baldé
9%
Bordeaux78Pablo
9%
Nîmes75Andrés Cubas
8%
Dijon75Didier Ndong
8%
Metz75Fabien Centonze
8%
Brest74Julien Faussurier
8%
Saint-Etienne78Mathieu Debuchy
8%
Reims77Thomas Foket
8%
Metz75Habib Maïga
6%
Angers76Ibrahim Amadou
6%
Lorient74Jérémy Morel
6%

Score Distribution

Percentile by Number Answered

Percent of People with Each Score

Your Score History

You have not taken this quiz